Islamic Beliefs & Teachings / (Record no. 522594)
[ view plain ]
| 000 -LEADER | |
|---|---|
| fixed length control field | 00390nam a22001577a 4500 |
| 003 - CONTROL NUMBER IDENTIFIER | |
| control field | NUST |
| 005 - DATE AND TIME OF LATEST TRANSACTION | |
| control field | 20181202084019.0 |
| 038 ## - RECORD CONTENT LICENSOR | |
| Staff Name | waseem |
| 082 ## - DEWEY DECIMAL CLASSIFICATION NUMBER | |
| Classification number | 297.09 |
| Author Mark | SAR |
| 100 ## - MAIN ENTRY--PERSONAL NAME | |
| Personal name | Sarwar, Ghulam |
| 9 (RLIN) | 12637 |
| 245 ## - TITLE STATEMENT | |
| Title | Islamic Beliefs & Teachings / |
| Statement of responsibility, etc. | Ghulam Sarwar |
| 260 ## - PUBLICATION, DISTRIBUTION, ETC. | |
| Place of publication, distribution, etc. | Islamabad : |
| Name of publisher, distributor, etc. | Int Islamic University, |
| Date of publication, distribution, etc. | 1992. |
| 300 ## - PHYSICAL DESCRIPTION | |
| Extent | 238 p. ; |
| 500 ## - GENERAL NOTE | |
| General note | Paperback. |
| 942 ## - ADDED ENTRY ELEMENTS (KOHA) | |
| Source of classification or shelving scheme | |
| Koha item type | Book |
| Withdrawn status | Lost status | Source of classification or shelving scheme | Damaged status | Not for loan | Collection code | Permanent Location | Current Location | Shelving location | Date acquired | Source of acquisition | Total Checkouts | Total Renewals | Full call number | Barcode | Date last seen | Date last checked out | Copy number | Price effective from | Koha item type |
|---|---|---|---|---|---|---|---|---|---|---|---|---|---|---|---|---|---|---|---|
| Central Library (CL) | Central Library (CL) | First Floor - Islam | 12/02/2018 | Donation | 1 | 1 | 297.09 SAR | CL-D-108 | 10/06/2025 | 01/28/2019 | 1 | 12/02/2018 | Book |
